Preparation and Properties of Magnesium(II) Compounds with Some Bioactive Ligands

Bibliographic Details
Main Authors: Hudecová, Daniela, 1948- (Author), Jóna, Eugen, 1936-2017 (Author), Melník, Milan, 1938-2026 (Author), S. C. Mojumdar (Author)
Format: Article
Language:English

MARC

LEADER 00000nab a2200000uu 4500
001 vtls010877891
003 SK-MaSNL
005 20260305044633.0
008 230303|1999 xo |||||||||||||||||eng|
015 |a SNBRB 
035 |a (urnnbn)urn:nbn:sk:snk:ar-005u07 
035 |a (uuid)b31400df-ed63-4210-a3ae-748c53248316 
035 |a urn:nbn:sk:snk-ab7m7e 
040 |a SNKBUCL  |b slo  |c SNKBUCL  |e AACR2 
041 0 |a eng 
044 |a xo  |c SK 
100 1 |a Hudecová, Daniela,  |d 1948-  |4 aut  |9 213482 
245 1 0 |a Preparation and Properties of Magnesium(II) Compounds with Some Bioactive Ligands  |c D. Hudecová, E. Jóna, M. Melník, S. C. Mojumdar 
700 1 |a Jóna, Eugen,  |d 1936-2017  |4 aut  |9 152743 
700 1 |a Melník, Milan,  |d 1938-2026  |4 aut  |9 212337 
700 1 |a S. C. Mojumdar  |4 aut  |9 777051 
773 0 |t Chemical papers  |g Roč. 53, č. 4 (1999), s. 265-271 
958 |a OND 
958 |a EUIPO 
958 |a article8 
999 |c 3359708  |d 3361638